000 01579naa a22003737u 4500
001 04213
003 HDC
007 cr bn ---aaaaa
008 210115t2010 flu 000 0 eng
020 _a9781420046335 (hardcover : alk. paper)
040 _aHDC
100 _aMartínez, Iciar
_eauthor
_94295
245 0 _aHandbook of seafood and seafood products analysis : Chapter 14
_bAnalytical Methods to Differentiate Farmed from Wild Seafood /
_cby Iciar Martínez, Inger Beate Standal, Marit Aursand, Yumiko Yamashita, and Michiaki Yamashita ; edited by Leo M.L. Nollet, Fidel Toldrá.
260 _aBoca Raton, FL :
_bCRC Press,
_c2010
300 _axviii, 910 pages:
_billustrations
336 _atext
_2rdacontent
337 _acomputer
_2rdamedia
338 _aonline resource
_2rdacarrier
500 _aOriginal from book
504 _aIncludes bibliographical references and index.
650 _aFood analysis
_9510
650 _aSeafood
_xAnalysis
_vHandbooks, manuals, etc.
_94262
650 _aSeafood
_xproduct
_vHandbooks, manuals, etc.
_94263
700 _aAursand, Marit
_eauthor
_94297
700 _aMichiaki Yamashita
_eauthor
_94299
700 _aNollet, Leo M. L.,
_eeditor
700 _aStandal, Inger Beate
_eauthor
_94296
700 _aToldrá, Fidel.
_eeditor
_93755
700 _aYumiko Yamashita
_eauthor
_94298
856 _zRequest full-text at [email protected]
942 _2lcc
942 _cCHAP
942 _kEBCH 003444
999 _c1538
_d1538